Grand Quiz sur l'Alsace - Statistiques

Statistiques générales
  • Ce quiz a été pris 84 fois
    73 depuis la dernière actualisation
  • Le résultat moyen est 29 sur 65
Statistiques - réponses
Hint Réponse % Correct
Plus grande ville de la région Strasbourg
100%
Nom de son club de football RCSA/Racing/Racing Club de Strasbourg Alsace
87%
Fleuve délimitant la frontière avec l'Allemagne Rhin
87%
Combien de jours fériés le droit local alsacien donne-t-il en plus? 2
77%
Numéros du Bas-Rhin et du Haut-Rhin, les deux départements alsaciens 67-68
77%
Autre département est aussi concerné par ce régime spécial Moselle
77%
Chaîne de montagnes longeant l'Ouest de l'Alsace Vosges
77%
Oiseau symbole de la région Cigogne
75%
Région administrative dont l'Alsace fait partie depuis 2016 Grand-Est
75%
Brioche de Nöel en forme de bonhomme Mannele/Mannala
75%
C'est l'autre nom de Flammelkuche Tarte flambée
75%
Spécialité emblématique avec de la viande ou du poisson Choucroute
73%
Grande ville suisse frontalière de l'Alsace Bâle/Basel
71%
Nom alsacien désignant des petits gâteaux de Noël Bredele/Bredala
71%
Citez une eau minérale alsacienne Carola/Lisbeth/Wattwiller/Celtic
67%
Ville située dans le Haut-Rhin dont sa vallée et un fromage portent son nom Munster
67%
C'est le château le plus visité d'Alsace Haut-Koenigsbourg
63%
Marque automobile basée à Molsheim Bugatti
56%
Ville ayant été une République indépendante jusqu'en 1798 Mulhouse
56%
Signification du suffixe "-heim" présent dans de nombreux noms de villages Hameau/Maison
54%
Avec Bruxelles, Strasbourg est l'autre capitale de... l'Europe
54%
Pilote automobile 9 fois champion du monde de WRC Sébastien Loeb
54%
Ce département français faisait parti de l'Alsace jusqu'en 1922 Territoire de Belfort
54%
Il fût le coach d'Arsenal pendant 22 ans Arsène Wenger
52%
Plus haut sommet d'Alsace culminant à 1423 mètres. Grand Ballon
52%
Région tout au sud de l'Alsace entre Mulhouse et la Suisse Sundgau
52%
Caractéristique des maisons alsaciennes Colombages
50%
Citez un des autres villages alsacien élu "village préféré des français" Eguisheim/Kaysersberg/Bergheim
50%
Club de basket de Strasbourg SIG
50%
Chanteur ayant participé à la saison 5 de The Voice et connu pour le single "Un homme debout" Claudio Capéo
48%
Camp de concentration situé sur les hauteurs de Schirmeck Struthof
48%
Onomatopée typique de la région Hopla
46%
Rivière passant dans les 3 plus grandes villes de la région Ill
46%
Ouvrage militaire construit dans l'entre deux-guerres pour protéger la France d'une invastion allemande Ligne Maginot
44%
Marque de sucre portant également le nom d'une ville Erstein
42%
Brasserie basée à Hochfelden dont le nom est un synonyme de "comète" ou "astéroïde" Météor
42%
Gardien de l'équipe de France de Handball entre 1999 et 2017 Thierry Omeyer
42%
Collectivité territoriale à statut particulier rassemblant les deux départements CEA/Collectivité européenne d'Alsace
38%
Chanteur ayant réinterprêté plusieurs chansons de Claude François Matt Pokora
38%
Village dont les fortifications en forme d'étoile ont été construites par Vauban Neuf-Brisach
38%
Cette ville fut la capitale de la décapole et qui possède également la plus grande fôret de la région Haguenau
37%
Cépage le plus présent dans le vignoble alsacien Riesling
37%
Sculpteur à l'origine de la statut de liberté Bartholdi
35%
Miss France en 2012 mais aussi animatrice à la TV. Elle a notamment incarné "Blanche" dans Fort Boyard Delphine Wespiser
33%
Nom du Land allemand frontalier de l'Alsace Bade-Wurtemberg/Rhénanie-Palatinat
31%
Ville ou la première utilisation de l'arbre de Noël est mentionnée en 1521 Sélestat
31%
Docteur alsacien ayant été prix Nobel de la paix en 1952 Albert Schweitzer
29%
Gateau-brioche pouvant être sucré ou salé Kougelhopf/Kouglof
29%
Sanctuaire situé à 753 mètres d'altitude sur les hauteurs de Otrott et fondé en 680 Mont Sainte-Odile/Mont St-Odile
29%
Nom des moutons de Pâques Osterlammele/Oschterlammele/Lamele/Lammele
25%
Parti indépendantiste alsacien Unser Land
21%
Nom d'un restaurant traditionnel alsacien Winstub
21%
Ce village est la capitale de cette spécialité Krautergersheim
19%
Quartier de Strasbourg ou Rouget de Lisle a composé La Marseillaise en 1792 Petite France
19%
Nom de la région marécageuse entre cette dernière et le Rhin Ried
19%
Brasserie savernoise dont le nom et le logo sont aussi le symbole de la ville Licorne
17%
Nom alsacien de Strasbourg Strossburi
17%
Région fertile située à l'Ouest de Strasbourg Kochersberg
15%
Joueur de football de Zelwiller ayant joué en Angleterre et ayant 15 sélections en équipe de France Morgan Schneiderlin/Schneiderlin
15%
Artiste du XXème siècle ayant dessiné l'Alsace et ses habitants Hansi
12%
Ville la plus à l'est de France Lauterbourg
12%
Cet homme a proclamé l'abolition de l'esclavage en 1848 Victor Schoelcher
12%
Gardienne de l'équipe de France de Handball lors du sacre olympique de Tokyo Cléopâtre Darleux
10%
Village de l'outre-fôret élu village préféré des français en 2020 Hunspach
10%
En 1518 quelle épidémie a eu lieu à Strasbourg? Fièvre dansante
2%
Aucun quiz correspondant
Distribution des résultats
% des personnes avec chaque résultat
Percentile par nombre de réponses
Votre historique - résultats
Vous n’avez pas pris ce quiz depuis la dernière actualisation